STN ISO 860 (01 0010) terminologická práca - harmonizácia pojmov a termínov

Gespeichert in:
Bibliographische Detailangaben
Format: Buch
Sprache:Slowakisch
Veröffentlicht: Bratislava Slovenský ústav technickej normalizácie 1998
Ausgabe:2. vyd.
Schlagworte:
Tags: Tag hinzufügen
Keine Tags, Fügen Sie das erste Tag hinzu!

MARC

LEADER 00000nam a2200000 4500
001 c120391
005 20221109094507.4
041 0 |a slo 
044 |a SK 
245 1 0 |a STN ISO 860 (01 0010)  |b terminologická práca - harmonizácia pojmov a termínov 
250 |a 2. vyd. 
264 1 |a Bratislava  |b Slovenský ústav technickej normalizácie  |c 1998 
300 |a 12 s. 
500 |a Táto norma obsahuje ISO 860: 1996. 
610 2 0 |a normy 
610 2 0 |a normy ISO 
610 2 0 |a tezaury 
610 2 0 |a Slovensko 
610 2 0 |a terminológia 
610 2 0 |a pojmy